[Event "Skovbo GM 2014"]
[Site "Skovbo Kulturhus"]
[Date "2014.09.06"]
[Round "2.25"]
[White "Petersen, Henry"]
[Black "Schmidt, Horst Hubert"]
[Result "0-1"]
[WhiteElo "1455"]
[BlackElo "1754"]
[PlyCount "62"]
[EventDate "2014.??.??"]
[WhiteTeam "Køge Skakklub"]
[BlackTeam "Brønshøj Skakforening"]

1. e4 e6 2. d4 d5 3. e5 c5 4. c3 Nc6 5. Be3 Qb6 6. Qd2 f6 7. Nf3 Bd7 8. Be2 Rc8
9. O-O cxd4 10. cxd4 Nge7 11. Bd3 Nb4 12. Nc3 Nxd3 13. Qxd3 Nc6 14. a3 Na5 15.
Nd2 Qxb2 16. Ne2 Bb5 17. Qb1 Qxb1 18. Raxb1 Bxe2 19. Rfc1 Rxc1+ 20. Rxc1 Kd7
21. a4 Bb4 22. f3 Bxd2 23. Bxd2 Nc4 24. Bb4 fxe5 25. dxe5 Nxe5 26. Re1 Nc6 27.
Bc3 d4 28. Rxe2 dxc3 29. Rc2 Nd4 30. Rf2 c2 31. Rf1 c1=Q 0-1

﻿

[Event "Skovbo GM 2014"]
[Site "Skovbo Kulturhus"]
[Date "2014.09.06"]
[Round "3.25"]
[White "Jørgensen, Orla Eilegaard"]
[Black "Knudsen, Jes Jacob West"]
[Result "1/2-1/2"]
[WhiteElo "1568"]
[BlackElo "1917"]
[PlyCount "80"]
[EventDate "2014.??.??"]
[WhiteTeam "Allerød Skakklub"]
[BlackTeam "Allerød Skakklub"]

1. e4 d5 2. exd5 Nf6 3. d4 Nxd5 4. c4 Nb6 5. Nc3 e5 6. dxe5 Qxd1+ 7. Kxd1 Nc6
8. f4 Be6 9. b3 O-O-O+ 10. Kc2 Nb4+ 11. Kb2 Bf5 12. a3 Nd3+ 13. Bxd3 Rxd3 14.
Nge2 Bc5 15. Ka2 Rhd8 16. Bb2 Bg4 17. h3 Bxe2 18. Nxe2 Rd2 19. Nc3 Rxg2 20.
Rad1 Be3 21. Rxd8+ Kxd8 22. Rd1+ Kc8 23. f5 Bd2 24. Ne4 Bf4 25. Kb1 Re2 26. f6
gxf6 27. Nxf6 Bxe5 28. Bxe5 Rxe5 29. Rg1 c6 30. Rg8+ Kc7 31. Rg7 Re7 32. Rxh7
Kd6 33. Rh5 Ke6 34. Ne4 f5 35. Nc5+ Ke5 36. Nd3+ Kd4 37. Nf4 Ke4 38. Ne2 Ke3
39. Ng3 Kf4 40. Nxf5 Re5 1/2-1/2

﻿

[Event "Skovbo GM 2014"]
[Site "Skovbo Kulturhus"]
[Date "2014.09.07"]
[Round "4.25"]
[White "Petersen, Henry"]
[Black "Hagerup, Per"]
[Result "0-1"]
[WhiteElo "1455"]
[BlackElo "1664"]
[PlyCount "84"]
[EventDate "2014.??.??"]
[WhiteTeam "Køge Skakklub"]
[BlackTeam "Tølløse Skakklub"]

1. e4 d6 2. d4 Nf6 3. Nc3 g6 4. h3 Bg7 5. Nf3 c5 6. dxc5 Qa5 7. Bd2 Qxc5 8. Bd3
a6 9. O-O O-O 10. Qe2 Nbd7 11. Qe3 Qc7 12. Rfe1 e5 13. Nd5 Nxd5 14. exd5 f5 15.
Ng5 Nf6 16. c4 e4 17. Be2 Qe7 18. h4 h6 19. Nh3 Nh7 20. Nf4 Kf7 21. Qg3 g5 22.
hxg5 hxg5 23. Nh5 Be5 24. f4 Bd4+ 25. Kf1 g4 26. Qh2 Rh8 27. Ng3 Ng5 28. Qxh8
Bxh8 29. fxg5 e3 30. Bc3 Bxc3 31. bxc3 f4 32. Nh1 Qxg5 33. Bd3 Qh4 34. Ke2 g3
35. Be4 Bd7 36. Bf3 Bf5 37. Red1 Rc8 38. Rd4 b5 39. Be4 Bxe4 40. Rxe4 Qg4+ 41.
Kd3 Qf5 42. Rf1 bxc4+ 0-1

﻿

[Event "Skovbo GM 2014"]
[Site "Skovbo Kulturhus"]
[Date "2014.09.11"]
[Round "5.25"]
[White "Sørensen, Lindved"]
[Black "Petersen, Henry"]
[Result "1-0"]
[WhiteElo "1728"]
[BlackElo "1455"]
[PlyCount "63"]
[EventDate "2014.??.??"]
[WhiteTeam "Faxe Skakklub"]
[BlackTeam "Køge Skakklub"]

1. Nf3 d5 2. c4 e6 3. b3 Nf6 4. g3 b6 5. Bg2 Bb7 6. O-O c5 7. Bb2 Be7 8. d3 d4
9. a3 Nc6 10. Ne5 Nxe5 11. Bxb7 Rb8 12. Bg2 Qc7 13. b4 a6 14. f4 Nc6 15. b5
axb5 16. cxb5 Na5 17. Nd2 O-O 18. Rc1 Qd7 19. Qa4 Nd5 20. Rf3 Rfc8 21. Nc4 Nxc4
22. dxc4 Nf6 23. Rd3 Ra8 24. Bxa8 Rc7 25. Bf3 Ra7 26. Qd1 Ra5 27. e3 Ne8 28.
exd4 Qa7 29. Bc6 Nc7 30. Kg2 Bf6 31. dxc5 bxc5 32. Rd8+ 1-0

﻿

[Event "Skovbo GM 2014"]
[Site "Skovbo Kulturhus"]
[Date "2014.09.12"]
[Round "6.25"]
[White "Schmidt, Horst Hubert"]
[Black "Hagerup, Per"]
[Result "1-0"]
[WhiteElo "1754"]
[BlackElo "1664"]
[PlyCount "148"]
[EventDate "2014.??.??"]
[WhiteTeam "Brønshøj Skakforening"]
[BlackTeam "Tølløse Skakklub"]

1. d4 d5 2. Nf3 Nf6 3. e3 e6 4. c4 Bb4+ 5. Bd2 Bd6 6. c5 Be7 7. b4 c6 8. a4 Ne4
9. Nc3 Nd7 10. b5 f5 11. a5 Nxd2 12. Qxd2 Bf6 13. a6 bxa6 14. bxc6 Nb8 15. Qa2
Nxc6 16. Bxa6 O-O 17. Bxc8 Qxc8 18. Qa6 Qxa6 19. Rxa6 Nb4 20. Rxe6 Rfe8 21.
Rxe8+ Rxe8 22. O-O a5 23. Na4 Rc8 24. Nb6 Rc7 25. Nd2 f4 26. Nb3 fxe3 27. fxe3
a4 28. Nxa4 Nc2 29. Nb6 Nxe3 30. Ra1 h6 31. Ra8+ Kh7 32. h3 Bh4 33. Re8 Rf7 34.
Nd2 Bf2+ 35. Kh2 Nf5 36. Nxd5 Bg3+ 37. Kg1 Nxd4 38. Nf3 Ra7 39. Nd2 Ra1+ 40.
Nf1 Rc1 41. Re4 Nf5 42. Ne7 Nxe7 43. Rxe7 Bh4 44. Re5 Bf6 45. Rd5 Rxc5 46. Rxc5
Bd4+ 47. Kh2 Bxc5 48. Kg3 Kg6 49. Nd2 Kf5 50. Kf3 g5 51. Ne4 Be7 52. g4+ Ke5 {
(=)} 53. Ng3 Bf8 54. Nf5 h5 55. Ng3 h4 56. Nf5 Bc5 57. Nh6 Bg1 58. Nf7+ Kf6 59.
Nd6 Bh2 60. Nc4 Bf4 61. Ke4 Ke6 62. Nb6 Bc1 63. Na4 Bd2 64. Nc5+ Kf6 65. Kd5
Bf4 66. Nd7+ Kf7 67. Nc5 Kf6 68. Ne6 Bc1 69. Nc5 Bf4 70. Nd3 Bg3 71. Nb4 Bf4
72. Ke4 Ke6 73. Nd3 Bd2 74. Ne5 Kf6 {TIME} 1-0

﻿

[Event "Skovbo GM 2014"]
[Site "Skovbo Kulturhus"]
[Date "2014.09.13"]
[Round "7.24"]
[White "Hagerup, Per"]
[Black "Hein, Jacob"]
[Result "1-0"]
[WhiteElo "1664"]
[BlackElo "1450"]
[PlyCount "95"]
[EventDate "2014.??.??"]
[WhiteTeam "Tølløse Skakklub"]
[BlackTeam "Espergærde Skakklub"]

1. d4 c6 2. c4 e6 3. Nf3 Be7 4. Nc3 Na6 5. e4 d5 6. cxd5 exd5 7. e5 Nc7 8. h3
Ne6 9. Be2 Bd7 10. a4 Bb4 11. O-O h6 12. Qb3 Bxc3 13. bxc3 Rb8 14. Ba3 Ne7 15.
Bd6 Nc7 16. a5 Nf5 17. Qb4 b5 18. axb6 Rxb6 19. Qa3 Nxd6 20. Qxd6 Nb5 21. Bxb5
cxb5 22. Qxd5 a6 23. Rfc1 O-O 24. Qc5 Rg6 25. Kh2 Qa8 26. d5 Rc8 27. Qd4 Rc4
28. Qd3 a5 29. g4 Bxg4 30. hxg4 Qc8 31. e6 Qc7+ 32. d6 Qa7 33. Rc2 Rxe6 34. d7
Qb8+ 35. Kh1 Rd6 36. Qf5 Qd8 37. Ne5 Rf6 38. Qd3 Rc5 39. Re2 Rf4 40. Ng6 Qa8+
41. Kh2 Rxf2+ 42. Rxf2 Qd8 43. Re1 Qc7+ 44. Kg2 fxg6 45. d8=Q+ Qxd8 46. Qxd8+
Kh7 47. Rf8 g5 48. Qd3+ 1-0

﻿

[Event "Skovbo GM 2014"]
[Site "Skovbo Kulturhus"]
[Date "2014.09.13"]
[Round "8.24"]
[White "Hein, Jacob"]
[Black "Sørensen, Lindved"]
[Result "1/2-1/2"]
[WhiteElo "1450"]
[BlackElo "1728"]
[PlyCount "128"]
[EventDate "2014.??.??"]
[WhiteTeam "Espergærde Skakklub"]
[BlackTeam "Faxe Skakklub"]

1. b3 e5 2. Bb2 Nc6 3. e4 Bc5 4. Nf3 Qe7 5. Nc3 d6 6. Nd5 Qd8 7. Ne3 Bxe3 8.
fxe3 Nf6 9. d3 O-O 10. h3 Nh5 11. Qd2 Ng3 12. Rg1 f5 13. exf5 Bxf5 14. Qf2 Nxf1
15. Qxf1 Nb4 16. Qe2 e4 17. dxe4 Bxe4 18. Qc4+ Bd5 19. Qxb4 Qe7 20. Qd4 Bc6 21.
O-O-O Rae8 22. Rd2 a6 23. Nh4 Qg5 24. Re2 Re4 25. Qxg7+ Qxg7 26. Bxg7 Kxg7 27.
g4 Bd7 28. Kd2 Kh6 29. g5+ Kh5 30. Ng2 Kxg5 31. Nf4+ Kh6 32. Reg2 Rfe8 33. Rg5
R4e5 34. h4 Bc6 35. R5g3 Be4 36. h5 Rc5 37. c4 b5 38. Nd3 Bxd3 39. Kxd3 bxc4+
40. bxc4 Rxh5 41. Rg7 Rh3 42. R7g3 Rxg3 43. Rxg3 Re5 44. Kc3 a5 45. a4 Rg5 46.
Rf3 Kg6 47. Rf8 h5 48. Rc8 Rc5 49. Rg8+ Kf5 50. Kd4 h4 51. Rg2 Re5 52. Rg7 c5+
53. Kd3 h3 54. Rg3 d5 55. Rxh3 dxc4+ 56. Kxc4 Ke4 57. Kb5 Kd3 58. e4+ Kxe4 59.
Rc3 Kd4 60. Rc4+ Kd3 61. Rxc5 Rxc5+ 62. Kxc5 Kc3 63. Kb5 Kd4 64. Kxa5 Kc5
1/2-1/2

﻿